[Event "Moscow Botvinnik Memorial"]
[Site "Moscow"]
[Date "2011.09.03"]
[Round "6"]
[White "Carlsen, Magnus"]
[Black "Anand, Viswanathan"]
[Result "0-1"]
[WhiteElo "2823"]
[BlackElo "2817"]
[Annotator "Postny,E"]
[PlyCount "132"]
[EventDate "2011.09.02"]
[EventType "tourn (rapid)"]
[EventRounds "6"]
[EventCountry "RUS"]
[EventCategory "23"]
[SourceTitle "CBM 144"]
[Source "ChessBase"]
[SourceDate "2011.09.16"]

1. e4 e5 2. Nf3 Nc6 3. Bb5 Nf6 4. d3 {Avoiding the famous "Berlin" endgame
that arises after 4.0-0 Nxe4 5.d4 Nd6 6.Bxc6 dxc6 7.dxe5 Nf5 8.Qxd8 Kxd8.} Bc5
5. O-O Nd4 6. Ba4 {Normally, White takes on d4, as later on he can win a tempo
by atacking the black bishop. Here is the most recent example:} (6. Nxd4 Bxd4
7. Nd2 c6 8. Ba4 d6 9. Bb3 O-O 10. c3 Bb6 11. Nc4 Bc7 12. Bg5 h6 13. Bh4 g5 14.
Bg3 Bg4 15. f3 Be6 16. Re1 (16. Ne3 $5 Nh5 17. Bf2 Nf4 18. d4 {is, perhaps,
more promising.}) 16... Nh5 17. Bf2 Nf4 $11 {1/2-1/2 Ponomariov,R (2764)
-Kramnik,V (2781)/Dortmund 2011/CB30_2011 (50)}) 6... Nxf3+ (6... Qe7 7. c3
Nxf3+ 8. Qxf3 c6 9. Bg5 d6 10. Nd2 h6 11. Bxf6 Qxf6 12. Qxf6 gxf6 13. b4 Bb6
14. Nc4 Ke7 $11 {1/2-1/2 Rozentalis,E (2563)-Adams,M (2745)/Bled 2002/EXT 2003
(26)}) 7. Qxf3 O-O 8. Qg3 (8. Nc3 c6 9. Bb3 d6 (9... b5 10. h3 a5 11. a4 b4 12.
Ne2 d5 13. Bg5 Be6 14. Ng3 $14) 10. Bg5 h6 11. Bxf6 Qxf6 12. Qxf6 gxf6 {
Black is not worse in this endgame. The damaged pawn structure is well
compensated for by the pair of strong bishops.}) 8... d6 9. Bg5 {Carlsen
doesn't wish to develop the knight so far, keeping in mind both options Nc3
and Nd2.} c6 10. Bb3 Nh5 $1 (10... Be6 11. Nd2 a5 12. a4 Re8 13. Kh1 $36 {
[%cal Gf2f4]}) 11. Qh4 Nf6 {Black doesn't mind repeating moves. Meanwhile, the
next move is ...h7-h6. This way he gets rid of the unpleasant pin.} 12. Nc3 {
Of course, the game doesn't end so soon by the boring repetition of moves.
Objectively, the position is equal anyway. The whole opening line can be
considered as harmless for Black.} (12. Kh1 h6 13. Bd2 ({The piece sacrifice
doesn't work:} 13. f4 $4 hxg5 14. fxg5 Ng4 $19) 13... a5 14. Nc3 {would lead
to the same position as in the game.}) 12... h6 13. Bd2 a5 14. Kh1 Bd4 15. f4
Ng4 {Anand correctly offers the queen swap, otherwise he might come under
attack.} (15... b5 $6 16. a4 $1 (16. f5 a4 17. Bxh6 $1 gxh6 18. Qxh6 Be3 $1 (
18... axb3 $2 19. Rf3 $18 {[%csl Rg8][%cal Gf3g3]}) 19. Qxe3 axb3 20. Rf3 Nh7
21. Qh6 Qf6 22. Qh5 Kh8 23. Rh3 Qg7 24. Rg3 Qf6 $11) 16... b4 17. Ne2 Bxb2 18.
Rab1 Bg4 19. Rxb2 Bxe2 20. Re1 Bh5 21. f5 $16 {[%csl Rh5][%cal Gh2h3,Gg2g4]}) (
15... Bxc3 $2 {This concrete attempt to trap White's light-squared bishop
doesn't work.} 16. Bxc3 $1 (16. bxc3 $2 Nd7 $1 (16... a4 $2 17. fxe5 dxe5 18.
Bxh6 $1 axb3 19. Bxg7 $1 Nh7 20. Bf6 Nxf6 21. Qg5+ $1 Kh7 22. Rxf6 Qxf6 23.
Qxf6 $18) 17. Qg3 (17. Qxd8 Rxd8 18. fxe5 Nxe5 {[%cal Ga5a4]} 19. a4 Be6 $11)
17... a4 18. fxe5 Nxe5 19. d4 (19. Bxh6 $2 Ng4 $17) 19... axb3 20. dxe5 Kh7 21.
cxb3 dxe5 $11) 16... a4 17. fxe5 dxe5 18. Bc4 b5 19. Bxe5 bxc4 20. Rxf6 $1 $16)
16. Qxd8 {It was possible to avoid the exchange of queens, even though White
can't claim an advantage in any case.} (16. Qg3 Bxc3 17. bxc3 a4 {No, White
doesn't lose a piece as it seems at first glance.} (17... exf4 18. Bxf4 a4 19.
Bxd6 axb3 20. Bxf8 b2 21. Rab1 Kxf8 22. h3 Nf6 23. Rxb2 {An engine evaluates
this position as equal. I would prefer White.}) 18. f5 h5 (18... axb3 $2 19.
Qxg4 {[%csl Rh6]} b2 20. Rab1 Qf6 21. Rxb2 $16) 19. Bc4 b5 20. h3 Nf6 21. Bh6
Ng4 22. Bd2 Nf6 $11) 16... Rxd8 17. fxe5 Nxe5 18. a4 Be6 {Neutralising White's
pressure on the Pf7. The position is completely equal.} 19. Bxe6 fxe6 20. Ne2
Bb6 21. Nf4 Re8 22. h3 Nd7 23. Rf3 Ne5 24. Rff1 Nd7 {Again, Black is ready to
repeat moves, but Magnus is still searching for more...} 25. g4 d5 26. Rae1 e5
27. Nh5 dxe4 {I would prefer 27...Rf8, not getting the isolated pawn. However,
it doesn't change the evaluation of the position as equal.} 28. Rxe4 Rf8 29.
Ree1 $4 {Just a blunder. For Magnus it was definitely not his day.} (29. Rxf8+
Rxf8 30. Ng3 Rf2 31. Re2 $11) {[%tqu "En","White's last move was a grave
mistake. Why?","","","g7g6","",5]} 29... g6 $1 30. Ng3 $8 Bf2 {That's it.
Black wins an exchange for nothing.} 31. Rxf2 Rxf2 32. Ne4 Rf7 33. Kg2 (33.
Bxh6 Rh7 $19 {[%csl Rh3][%cal Gh7h3]}) 33... g5 34. Nd6 Rf6 35. Nxb7 Rb8 36.
Nxa5 Rxb2 {After Black activated his second rook it's clear that White had no
chance to biuld any fortress.} 37. Rc1 Ra2 38. Nc4 Rxa4 39. Rb1 e4 40. Nb2 (40.
Bc3 Re6 41. Rb7 Ra2 42. Bb2 exd3 43. cxd3 Ne5 $1 $19) 40... Ra2 41. dxe4 Nc5
42. e5 Re6 43. Kf3 Rxe5 44. Be3 Nd7 45. Nc4 Rb5 46. Rd1 Rd5 47. Rc1 Ra4 48. Nd2
Ne5+ 49. Ke2 Nc4 {In the technical part of the game Anand is convincing as
usual.} 50. Nf1 Ra3 51. c3 Kh7 52. Bd4 c5 53. Be3 Kg6 54. Rc2 Ra1 55. Bc1 Rd7
56. Ng3 Ra6 57. Kf2 Rd3 58. Kg2 Re6 59. h4 gxh4 60. Nh5 Ne3+ (60... Kh7 61. Nf4
Rg3+ $19) 61. Bxe3 {A funny position when Black gets into a fork no matter
which rook he captures with, but the forthcoming rook endgame is easily won
for him.} Rexe3 62. Nf4+ Kg5 63. Nxd3 Rxd3 64. c4 Rg3+ 65. Kh2 Rxg4 66. Kh3 Rf4
{[%cal Gg5f5,Gf5e5,Ge5d4]} 0-1

[Event "Moscow Botvinnik Memorial"]
[Site "Moscow"]
[Date "2011.09.02"]
[Round "1"]
[White "Aronian, Levon"]
[Black "Carlsen, Magnus"]
[Result "1/2-1/2"]
[WhiteElo "2807"]
[BlackElo "2823"]
[Annotator "Krasenkow,M"]
[PlyCount "86"]
[EventDate "2011.09.02"]
[EventType "tourn (rapid)"]
[EventRounds "6"]
[EventCountry "RUS"]
[EventCategory "23"]
[SourceTitle "CBM 144"]
[Source "ChessBase"]
[SourceDate "2011.09.16"]

1. d4 Nf6 2. c4 e6 3. Nf3 b6 4. g3 Ba6 5. b3 b5 6. cxb5 Bxb5 7. Bg2 d5 8. O-O
Nbd7 9. Nc3 Ba6 10. Ne5 {Alternatives seen in practice in this well-known
position:} (10. Re1) (10. Bb2) (10. Na4) (10. a3) (10. Rb1) 10... Bd6 (10...
Nxe5 $2 11. dxe5 Nd7 (11... Bb4 12. exf6 Bxc3 13. fxg7 Bxg7 14. Rb1 O-O 15. Ba3
Re8 16. Rc1 $16 {[%csl Ra7,Rc7] B.Avrukh}) 12. Nxd5 $1 exd5 (12... Rc8 13. Nc3
Nxe5 14. Qc2 $16 {1-0 Cernousek,L (2405)-Ftacnik,L (2553)/Slovakia 2008/EXT
2009 (36)}) 13. Qxd5 {[%cal Rd5a8,Re5e6]} Nb6 14. Qc6+ (14. Qa5 $5) 14... Qd7
15. Rd1 (15. Bg5 $5 Be7 $1 16. Rfd1 Qxc6 17. Bxc6+ Kf8) 15... Qxc6 16. Bxc6+
Ke7 17. Bxa8 Nxa8 18. Bg5+ f6 19. exf6+ gxf6 20. Bf4 $16 {1-0 Kiss,P (2380)
-Menacher,M (2334)/Balatonlelle 2005/EXT 2008 (29)}) (10... Bb7 $6 11. Bf4 {
[%csl Rc7][%cal Ya1c1,Yc3b5] B.Avrukh}) (10... c5 11. Bf4 (11. Bg5 Rc8 12. Nxd7
Qxd7 13. Bxf6 gxf6 14. Rc1 c4 15. e4 $5 cxb3 16. Qxb3 Bc4 17. Qb2 Bh6 18. Rcd1
Bxf1 19. Bxf1 $44 {1-0 Malakhatko,V (2610)-Cori Tello,D (2262)/Palau 2009/CBM
130 Extra (38)}) 11... Rc8 12. Na4 Nxe5 (12... Bb5 13. Nxc5 Nxc5 14. dxc5 Bxc5
15. b4 Bd6 16. a4 $14 {1-0 Onischuk,A (2653)-Mateo,R (2453)/Mallorca 2004/CBM
104 (102)}) 13. Bxe5 Nd7 14. Bf4 c4 15. Qd2 Be7 16. Rfc1 O-O 17. b4 Bb5 18. Nc5
$14 {1/2 Sriram,J (2431)-Bakre,T (2491)/Visakhapatnam 2004/CBM 103 ext (53)})
11. Bf4 (11. Nc6 $5 Qc8 12. a3 $1 {is more energetic:} O-O (12... Qb7 13. Na5
Qb6 14. b4 $16 {B.Avrukh}) (12... Nb8 13. Nb4 Bb7 14. Bb2 O-O 15. Nd3 Nbd7 16.
Rc1 Qb8 17. Na4 a5 18. Qc2 $14 {1/2 Lalic,B (2522)-Agrest,E (2563)/Stockholm
2002/CBM 085 ext}) 13. Bg5 (13. Bf4 $5 Qe8 14. Nb4 $1 Bb7 15. Nd3 $14 {B.Avrukh
}) 13... Qe8 (13... Qb7 14. Na5 Qb6 15. b4 h6 16. Bxf6 Nxf6 17. Re1 $16 Rad8 $2
18. Na4 Qb5 19. e4 $1 $18 {1-0 Perez Rodriguez,L (2391)-Mateo,R (2444)/Havana
2003/CBM 094 ext (27)}) 14. Qd2 Nb6 15. Na5 (15. Nb4 $1 $16 {B.Avrukh}) 15...
c5 16. dxc5 Bxc5 17. Bxf6 gxf6 18. Rfc1 $16 {1/2 Beliavsky,A (2665)-Topalov,V 
(2725)/Madrid 1997/CBM 059/(Avrukh,B) (58)}) {The whole line therefore looks
rather dubious for Black.} 11... O-O (11... Bxe5 12. dxe5 Nh5 13. Be3 Nxe5 14.
Qd4 Qd6 15. Qa4+ Qc6 16. Qb4 $40 {[%csl Re8]}) 12. Rc1 Bxe5 13. dxe5 Nh5 $146 {
Improving on the earlier blitz game:} (13... Ng4 $2 14. Nxd5 $1 exd5 15. Qxd5 {
[%cal Rh2h3,Rd5a8]} Nb6 16. Qa5 Bxe2 17. Rfe1 Bd3 18. Red1 (18. h3 $18) 18...
Qd4 19. Rd2 Rad8 20. h3 Nxf2 21. Rxf2 Be4 22. Qxa7 Bxg2 23. Kxg2 Qe4+ 24. Kh2
$16 {0-1 Karpov,A (2670)-Carlsen,M (2714)/Moscow 2007/EXT 2008 (92)}) 14. Na4 (
14. Be3 $5 Nxe5 15. Na4 $44 {[%cal Ya4c5]}) 14... Nxf4 15. gxf4 Bb5 16. Nc5
Nxc5 17. Rxc5 c6 18. Qd2 (18. a4 Qb6 $1 19. Qc2 $2 Bc4) 18... Qb6 19. Rfc1 a5
$1 20. e4 {White hurries up to create a kingside attack. It turns out that his
c5-rook is vulnerable:} (20. a4 Bc4 $1) 20... a4 {[%csl Gb5] The b5-bishop is
now secure.} 21. f5 axb3 22. f6 $4 (22. axb3 Kh8 $1 $14) 22... Qxc5 $1 $19 23.
a4 {Desperation.} (23. Rxc5 bxa2 24. Qg5 a1=Q+ 25. Rc1 Qxc1+ 26. Qxc1 h6 $1 {
, and Black's material advantage should be sufficient for a win.}) 23... Qxc1+
24. Qxc1 b2 25. Qxb2 Rxa4 26. Qc1 gxf6 (26... h6 $5 $19) 27. h4 (27. exf6 Kh8 {
[%cal Yf8g8]}) 27... Rfa8 28. Kh2 dxe4 29. exf6 Kh8 30. Qf4 e3 31. Qxe3 Rxh4+
32. Kg3 Rh5 (32... Rha4 $19) 33. Kg4 Rf5 34. Be4 Rg8+ 35. Kh4 Rxf6 $4 {Black
finally returns the favour.} (35... Rfg5 36. Qxg5 Rxg5 37. Kxg5 c5 38. Bc2 (38.
Kh6 Ba4 {[%cal Yc5c4,Yc4c3,Yc3c2]}) (38. Kf4 h5 $1 39. Kg5 Ba4) 38... Be2 $19 {
[%cal Yc5c4,Ye2d3]}) 36. Qc3 Kg7 37. Qg3+ Rg6 38. Qe5+ $1 Rf6 39. Qg5+ Rg6 40.
Qe5+ Kf8 {Black can't avoid the perpetual!} (40... f6 41. Qc7+ Kh6 (41... Kh8
42. Bxg6 hxg6 43. Qe7) 42. Qf4+) 41. Qb8+ Ke7 42. Qc7+ Kf6 43. Qf4+ Kg7 1/2-1/2

[Event "Biel Accentus"]
[Site "Biel"]
[Date "2011.07.22"]
[Round "4"]
[White "Carlsen, Magnus"]
[Black "Caruana, Fabiano"]
[Result "1-0"]
[WhiteElo "2821"]
[BlackElo "2711"]
[Annotator "Ftacnik,L"]
[PlyCount "53"]
[EventDate "2011.07.18"]
[EventType "tourn"]
[EventRounds "10"]
[EventCountry "SUI"]
[EventCategory "19"]
[SourceTitle "CBM 144"]
[Source "ChessBase"]
[SourceDate "2011.09.16"]

1. e4 e5 2. Nf3 Nc6 3. d4 exd4 4. Nxd4 Bc5 5. Nxc6 bxc6 6. Bd3 Qh4 7. Qe2 Ne7
$146 {Black has developed the queen to an active square and made castling for
White more complicated. The knight move to e7 is a novelty, Black players have
usually fared well after the natural move 7...Nf6.} (7... Nf6 8. h3 (8. Be3
Bxe3 9. Qxe3 O-O 10. Nd2 Re8 11. O-O d6 12. Rae1 a5 13. Qg3 Qxg3 14. hxg3 a4
15. f3 Be6 16. b3 Nd7 17. Re3 axb3 18. axb3 Ne5 19. Be2 Ra2 20. Rc3 c5 21. b4
cxb4 {1/2-1/2 Carlsen,M (2714)-Kamsky,G (2714)/Khanty Mansiysk 2007/}) 8... d5
(8... O-O 9. g3 Qh5 10. g4 Qh4 11. Nd2 Ne8 12. Nb3 (12. Nf3 Qe7 13. Bd2 Rb8 14.
b3 d6 15. Bc3 Bb4 16. Bxb4 Rxb4 17. e5 c5 18. exd6 Qf6 19. d7 Bxd7 20. Ne5 $14
{1-0 Kovchan,A (2554)-Annaberdiev,M (2459)/Konya 2011/ (61)}) 12... Be7 13. Nd4
Bc5 14. Nf5 Qd8 15. Bd2 Nd6 16. O-O-O Nxf5 17. gxf5 Qh4 18. Rh2 Bd4 19. Rg1 Be5
20. Rhg2 $16 {1-0 Motylev,A (2641)-Liang Chong (2531)/Moscow 2001/ (53)}) 9. g3
(9. exd5+ Kd8 10. O-O Bxh3 11. dxc6 Re8 12. Qd2 Bxg2 13. Kxg2 Qg4+ $11) 9...
Qh5 10. Qxh5 Nxh5 11. Nc3 (11. e5 Bd4 12. g4 Nf4 13. Bxf4 Bxb2 14. Kd2 Bxa1 15.
Nc3 Bxc3+ 16. Kxc3 c5 $17 {0-1 Nataf,I (2534)-Fressinet,L (2673)/Pau 2008/ (32)
}) 11... Nf6 12. Bf4 Bb4 13. exd5 Nxd5 14. Bd2 Nxc3 15. Bxc3 Bxc3+ 16. bxc3 Be6
17. f4 O-O 18. Kf2 Rab8 19. f5 Bd7 $14 {0-1 Ivanchuk,V (2739)-Malakhov,V (2706)
/Warsaw 2009/ (68)}) 8. Nc3 O-O 9. Be3 Bb6 10. O-O {Carlsen is a courageous
player, but he decided to abstain from castling long due to the semi-open
b-file. He correctly guessed, that the attack against the black king was
unlikely to succeed.} (10. O-O-O d5 $132) 10... d5 11. exd5 Nxd5 (11... cxd5
12. g3 Qf6 13. Qh5 $14) 12. Bd2 Bd4 {In the new era of chess and computers the
top players have to live with the fact, that achieving an advantage from the
opening is a rare feat. The remaining ambition is a bit more modest - to build
up a position, that can be full of life.} (12... Bg4 13. Qe4 Rae8 14. Qc4 Qh5
$14) (12... Nb4 $5 13. Qe4 (13. Be4 $2 Ba6 $17) 13... Qxe4 14. Bxe4 Rd8 15. Bf4
Nd5 16. Rad1 Be6 $11) 13. Rae1 Nb4 $1 (13... Nxc3 14. bxc3 Bb6 15. Qe8 $1 Rb8
16. Qxc6 Bb7 17. Qc4 $14) 14. Qe4 (14. Ne4 $2 Bg4 15. g3 Qh5 $19) 14... Qxe4
15. Bxe4 Ba6 16. Ne2 {The passive retreat of the knight is certainly far from
what White is dreaming about, but Black has problems with the coordination of
his pieces as well.} Bc5 17. a3 (17. Bxb4 Bxb4 18. c3 Be7 19. Bxc6 Rad8 20. b4
Bc4 $11) 17... Nd5 (17... Rae8 18. Nf4 (18. axb4 Rxe4 19. bxc5 Bxe2 20. f3 Re6
21. Rf2 Rfe8 (21... Bc4 22. Ra1 $16) 22. Bf4 $14) 18... Nd5 19. Bd3 Bxd3 20.
Nxd3 $14) 18. b4 Bd6 {Caruana is playing sensible moves and does not try to
solve the position with the help of tactics.} (18... Rfe8 19. Bf3 (19. Bd3 Bxd3
20. cxd3 Bd6 $11) 19... Bd6 20. Nd4 Bxf1 21. Rxf1 $14) 19. Nd4 $5 {Sporting
the best rating in the world does not come cheap, Carlsen has to try for a win
even against the very good opponents. Breaking the balance with the help of an
exchange sacrifice fuels the tension in the position.} (19. g3 Be5 20. Kg2 f5
21. Bd3 Bxd3 22. cxd3 Rfe8 $11) 19... Bxf1 20. Kxf1 Nb6 (20... Rae8 21. Nxc6
Nf6 22. Bf3 Rxe1+ 23. Bxe1 a6 $11) 21. Nxc6 Rfe8 22. a4 {The danger for Black
does not seem to be great, but White's active approach is calling for exact
solutions.} (22. h3 g6 $11) 22... Kf8 (22... Nxa4 $6 23. Ne7+ Rxe7 24. Bxa8
Rxe1+ 25. Kxe1 $16) 23. a5 Nc4 24. Bc1 (24. Bc3 Bf4 25. Re2 Bd2 $1 26. Bd4 Bxb4
27. Bxh7 (27. Nxb4 Rxe4 $17) 27... Rxe2 28. Kxe2 Bxa5 $15) 24... a6 {The
defender is choosing a passive move, that does not spoil anything. He could
have found the courage for the speedier clarification of the position with the
help of the active move 24...f5!} (24... f5 $1 25. Bxf5 Rxe1+ 26. Kxe1 Re8+ 27.
Kf1 Ne5 28. Be4 Nxc6 29. Bxc6 Rd8 (29... Bxb4 $2 30. Bxe8 Kxe8 31. a6 $16) 30.
Bd2 Be7 31. Bc3 Rd1+ 32. Ke2 Rb1 $11) 25. f4 $6 (25. g3 f5 26. Bxf5 (26. Bd5
Rxe1+ 27. Kxe1 Re8+ 28. Kf1 Ne5 29. c3 Nxc6 30. Bxc6 $11) 26... Rxe1+ 27. Kxe1
Re8+ 28. Kf1 Ne5 29. Be4 Nxc6 30. Bxc6 Bxb4 31. Bxe8 Kxe8 $11) 25... Re6 $2 {
A small comedy of errors on the highest level. The shocking and well disguised
move of the black knight to e3 would have clearly shown the gap in White's
concept.} (25... Ne3+ $1 26. Rxe3 (26. Bxe3 $2 Rxe4 $19) 26... Bxf4 27. Rf3
Bxc1 28. Bd5 f6 29. Nd4 Rab8 $15) 26. Bd5 $1 Rf6 (26... Rxe1+ 27. Kxe1 Bxb4+
28. Nxb4 Re8+ 29. Kf2 Nxa5 30. Nxa6 $18) 27. Re4 {A truly tragic finish of the
game for Caruana. One serious mistake and the battle was immediately over.} 1-0

[Event "Bazna Kings 5th"]
[Site "Medias"]
[Date "2011.06.21"]
[Round "10"]
[White "Carlsen, Magnus"]
[Black "Karjakin, Sergey"]
[Result "1/2-1/2"]
[WhiteElo "2815"]
[BlackElo "2776"]
[Annotator "Rogozenco,D"]
[PlyCount "60"]
[EventDate "2011.06.11"]
[EventType "tourn"]
[EventRounds "10"]
[EventCountry "ROU"]
[EventCategory "21"]
[SourceTitle "CBM 143"]
[Source "ChessBase"]
[SourceDate "2011.07.15"]

1. d4 Nf6 2. c4 e6 3. Nf3 b6 4. Nc3 Bb4 5. e3 {This transposes to the
classical Rubinstein Variation.} ({Somewhat more active, but also more risky is
} 5. Bg5) 5... Bb7 6. Bd3 O-O 7. O-O c5 8. Na4 {The knight goes on the rim in
order to underline the exposed position of the bishop on b4 and threaten a2-a3.
} cxd4 9. exd4 Re8 10. a3 Bf8 11. Bf4 d6 12. Re1 Nbd7 13. Rc1 e5 $1 {A strong
novelty, that helps Black to equalise.} ({After} 13... g6 {White is slightly
better by bringing back the knight} 14. Nc3) 14. dxe5 Bxf3 (14... dxe5 15. Nxe5
) 15. Qxf3 Nxe5 16. Bxe5 ({After} 16. Qh3 Nxd3 17. Qxd3 Rxe1+ 18. Rxe1 d5 19.
Rd1 {Black exploits the unprotected position of the knight on a4 and frees
himself from the pin along the d-file with} Qe8 $1 {with complete equality.})
16... dxe5 17. Nc3 g6 ({After} 17... Qc7 {Carlsen intended to fight for the
d5-square by means of} 18. g4 $5) 18. Be4 {This brings White nowhere and soon
he will even have to play carefully to keep the balance.} (18. Rcd1 {was
better, although after} Qe7 {Black hardly has any problems.}) 18... Nxe4 19.
Qxe4 Rc8 $1 (19... Qc8 {allows White to keep some pressure after} 20. Nd5) ({
Black would like to play} 19... f5 {but then after} 20. Qd5+ Qxd5 21. Nxd5 {
he would suddenly have problems with defending against forks on c7 and f6
without giving up his e5-pawn.}) 20. b4 (20. Nd5 f5 $11) 20... Qd4 $1 {Now it
is White who must play accurately, since potentially his pawns are weaker and
in an endgame the bishop can be stronger than the knight.} 21. Qxd4 (21. Nd5
Qxe4 22. Rxe4 f5 23. Re2 Kf7 24. f3 Rc6 25. Kf2 Rec8 26. Rxe5 Rxc4 {is the
kind of position White would like to avoid.}) 21... exd4 22. Rxe8 Rxe8 23. Nd5
Re2 24. Kf1 Ra2 25. Rd1 (25. c5 {leads to unpleasant defence after} bxc5 26.
bxc5 d3 27. c6 (27. Ne3 $2 Bxc5) 27... Rc2 28. Rd1 Rxc6 29. Rxd3 Rc1+ 30. Ke2
Rc2+) 25... Rxa3 26. Rxd4 Ra4 (26... Kg7 $5 {deserved attention, without
fearing} 27. g4 a5 28. bxa5 bxa5 29. g5 {due to} a4 30. Nf6 Ra1+ 31. Ke2 Rg1
32. Ne8+ Kh8 {and White is in trouble.}) 27. Nf6+ Kg7 28. Ne8+ Kg8 ({Black
could try to play for more with} 28... Kh8 {although after} 29. b5 ({but not} 
29. Rd7 Bxb4 {threatening Ra1-e1, ><e8}) 29... Bc5 30. Rd7 $1 Ra1+ 31. Ke2 Ra2+
32. Kd3 Rxf2 33. Rxa7 {White's counterplay should not be underestimated:} Kg8 (
33... Rxg2 34. Rxf7 Rxh2 35. Nf6 $1 {with a sort of domination}) 34. Ra6 h5 35.
Nc7 Rxg2 36. Nd5 Rxh2 37. Nxb6 h4 38. Nd7 {and Black is risking as much as
White.}) 29. Nf6+ Kg7 30. Ne8+ Kg8 1/2-1/2